000 00321nas a22001337a 4500
001 T027600012155-00
008 190830b xxu||||| |||| 00| 0 esp |
040 _aFEVP
_cFEVP
245 _aVisión: la revista Latinoamericana
260 _c19950115
300 _a48p.
650 _aIntegración--América Latina
942 _cREV
999 _c17028
_d17028